King Lear

Bibliographic Details
Main Author: Shakespeare, William
Other Authors: Muir, Kenneth
Format: Book
Published: London : Routledge , 1992
Series:The Arden Shakespeare
Subjects:

MARC

LEADER 00000cam a2200000 7i4500
001 0000001667
002 000001817
005 20000330.0
020 |a 041502692X 
090 0 0 |a 822.33   |b SHA 
100 1 |a Shakespeare, William 
245 1 0 |a King Lear   |c William Shakespeare ; edited by Kenneth Muir 
260 |a London :   |b Routledge ,   |c 1992 
300 |a 246 p. ;   |c 20 cm. 
490 0 |a The Arden Shakespeare 
650 0 0 |a King Lear   |x drama 
700 1 |a Muir, Kenneth 
999 |a 034071   |b BUKU   |c PINJAMAN   |e PERPUSTAKAAN KOMUNITI PETALING JAYA